Southville International School and Colleges
Your cart is empty.
  • Cart
  • Lists
    Public lists Eva Luna New books Lux_list list_1
    Your lists Log in to create your own lists
  • Log in to your account
  • Your cookies
  • Search history
Southville International School and Colleges
  • Advanced search
  • Recent comments
  • Most popular
  • Libraries

Log in to your account

Log in with GOOGLE


If you do not have an external account, but do have a local account, you can still log in:

  1. Home
  2. MARC view: Foodservice management :
Normal view MARC view ISBD view

Foodservice management : (Record no. 305460)

[ view plain ]
MARC details
000 -LEADER
fixed length control field 00782nam a2200253Ia 4500
008 - FIXED-LENGTH DATA ELEMENTS--GENERAL INFORMATION
fixed length control field 170203s9999 xx 000 0 und d
020 ## - INTERNATIONAL STANDARD BOOK NUMBER
International Standard Book Number 9810699158
050 ## - LIBRARY OF CONGRESS CALL NUMBER
Classification number 658.383
050 ## - LIBRARY OF CONGRESS CALL NUMBER
Item number .P153f 2005
100 ## - MAIN ENTRY--PERSONAL NAME
Personal name Payne-Palacio, June.
245 ## - TITLE STATEMENT
Title Foodservice management :
245 ## - TITLE STATEMENT
Remainder of title principles and practices /
245 ## - TITLE STATEMENT
Statement of responsibility, etc June Payne-Palacio, Monica Theis.
250 ## - EDITION STATEMENT
Edition statement Tenth Edition.
260 ## - PUBLICATION, DISTRIBUTION, ETC. (IMPRINT)
Place of publication, distribution, etc Upper Saddle River, N.J. :
260 ## - PUBLICATION, DISTRIBUTION, ETC. (IMPRINT)
Name of publisher, distributor, etc Pearson/Prentice Hall,
260 ## - PUBLICATION, DISTRIBUTION, ETC. (IMPRINT)
Date of publication, distribution, etc c2005.
300 ## - PHYSICAL DESCRIPTION
Extent xx, 700 p. :
300 ## - PHYSICAL DESCRIPTION
Other physical details ill. (some col.) ;
300 ## - PHYSICAL DESCRIPTION
Dimensions 26 cm.
500 ## - GENERAL NOTE
General note Rev. ed. of: West and Wood's introduction to foodservice / [edited by] June Payne-Palacio, Monica Theis.
650 ## - SUBJECT ADDED ENTRY--TOPICAL TERM
Topical term or geographic name as entry element Food service management.
700 ## - ADDED ENTRY--PERSONAL NAME
Personal name Theis, Monica.
Holdings
Withdrawn status Lost status Damaged status Home library Current library Shelving location Date acquired Total Checkouts Full call number Barcode Date last seen Price effective from Koha item type
      Stonyhurst Southville International School (Batangas) Stonyhurst Southville International School (Batangas)   02/03/2017   658.383 P153f 2005 US-1849 02/03/2017 02/03/2017 Books

Foodservice management :

APA

Payne-Palacio J., Theis M., .Foodservice management. Upper Saddle River, N.J: .

Chicago

Payne-Palacio June, Theis Monica, .Foodservice management. Upper Saddle River, N.J: .

Harvard

Payne-Palacio J., Theis M., .Foodservice management. Upper Saddle River, N.J: .

MLA

Payne-Palacio June, Theis Monica, .Upper Saddle River, N.J: . .

  • Place hold
  • Print
  • Cite
  • Add to your cart (remove)
  • Save record
    BIBTEX Dublin Core MARCXML MARC (non-Unicode/MARC-8) MARC (Unicode/UTF-8) MARC (Unicode/UTF-8, Standard) MODS (XML) RIS
  • More searches
    Search for this title in:
    Other Libraries (WorldCat) Other Databases (Google Scholar) Online Stores (Bookfinder.com) Open Library (openlibrary.org)

Exporting to Dublin Core...

SOUTHVILLE LIBRARY

Southville International School and Colleges Library

1281 Tropical Ave. Cor. Luxembourg St., BF Homes International, Las Pinas City

Tel. No. 8256374 / 252358 Loc. 117/146

Powered by Koha